[Event "37th ECC Open 2022"]
[Site "Mayrhofen AUT"]
[Date "2022.10.06"]
[Round "4.7"]
[Board "4"]
[White "Ondersteijn, Niels"]
[Black "Postny, Evgeny"]
[Result "0-1"]
[WhiteTitle "IM"]
[BlackTitle "GM"]
[WhiteElo "2382"]
[BlackElo "2573"]
[WhiteTeam "Paul Keres"]
[BlackTeam "Beer Sheva Chess Club"]
[WhiteFideId "1011162"]
[BlackFideId "2804344"]
[EventDate "2022.10.03"]

1. d4 Nf6 2. c4 e6 3. Nf3 b6 4. g3 Bb4+ 5. Bd2 Bxd2+ 6. Qxd2 Ba6 7. b3 d5 8.
cxd5 Ne4 9. Qc2 exd5 10. Bg2 O-O 11. O-O c5 12. Nc3 Nxc3 13. Qxc3 Bxe2 14. Rfe1
Bxf3 15. Qxf3 Na6 16. dxc5 Nxc5 17. Qxd5 Rc8 18. Rad1 Qf6 19. Qd4 Qxd4 20. Rxd4
Rc7 21. h4 g6 22. Red1 Kg7 23. Bf1 Re8 24. b4 Ne6 25. Rd6 Nf8 26. a4 Re4 27.
R6d4 Rxd4 28. Rxd4 Ne6 29. Rd6 Kf6 30. Rd5 Ke7 31. Bb5 Rc1+ 32. Bf1 Rb1 33. b5
Ra1 34. h5 Rxa4 35. Bh3 f5 36. Rd1 Rd4 37. Ra1 Rd7 38. Bf1 gxh5 39. Bc4 Rc7 40.
Be2 Nd4 41. Bd3 Kf6 42. Kg2 h4 43. Ra4 Ke5 44. gxh4 Ne6 45. Kh2 Nc5 46. Rc4 Rd7
47. f4+ Ke6 48. Bf1 Rd2+ 49. Kg1 Kd5 50. Rc1 Ke4 51. Bh3 Kxf4 52. Rf1+ Kg3 53.
Bxf5 Rg2+ 54. Kh1 Rh2+ 55. Kg1 Rxh4 56. Re1 h6 57. Bc2 Rc4 0-1

[Event "37th ECC Open 2022"]
[Site "Mayrhofen AUT"]
[Date "2022.10.06"]
[Round "4.7"]
[Board "5"]
[White "Huzman, Alexander"]
[Black "Okkes, Menno"]
[Result "1-0"]
[WhiteTitle "GM"]
[BlackTitle "FM"]
[WhiteElo "2535"]
[BlackElo "2328"]
[WhiteTeam "Beer Sheva Chess Club"]
[BlackTeam "Paul Keres"]
[WhiteFideId "2803828"]
[BlackFideId "1000756"]
[EventDate "2022.10.03"]

1. Nf3 d5 2. g3 g6 3. Bg2 Bg7 4. d4 Nf6 5. O-O O-O 6. c4 c6 7. Qa4 Nfd7 8. cxd5
cxd5 9. Nc3 Nb6 10. Qd1 Nc6 11. Bf4 Be6 12. b3 Qd7 13. Re1 Bh3 14. Bh1 Bg4 15.
Ne5 Nxe5 16. dxe5 Rfd8 17. Qd4 Rac8 18. Rac1 Qe6 19. h4 f6 20. exf6 Qxf6 21.
Qxf6 Bxf6 22. Bd2 Kg7 23. a4 Rc5 24. e4 dxe4 25. Nxe4 Rxc1 26. Rxc1 Be5 27. Be3
Rd1+ 28. Rxd1 Bxd1 29. Nc5 Nc8 30. Bxb7 Nd6 31. Bd5 a5 32. Bd2 Nf5 33. Bxa5 Nd4
34. Ne6+ Nxe6 35. Bxe6 Bf3 36. Bd2 Kf6 37. Bc4 Bd6 38. a5 e5 39. b4 Ke7 40. b5
Kd7 41. Be3 1-0

[Event "37th ECC Open 2022"]
[Site "Mayrhofen AUT"]
[Date "2022.10.06"]
[Round "4.7"]
[Board "6"]
[White "Rademakers, Evert"]
[Black "Kobo, Ori"]
[Result "0-1"]
[WhiteTitle "FM"]
[BlackTitle "GM"]
[WhiteElo "2272"]
[BlackElo "2544"]
[WhiteTeam "Paul Keres"]
[BlackTeam "Beer Sheva Chess Club"]
[WhiteFideId "1025996"]
[BlackFideId "2812320"]
[EventDate "2022.10.03"]

1. d4 d5 2. c4 e6 3. Nc3 Nf6 4. cxd5 exd5 5. Bg5 c6 6. e3 Be6 7. Bd3 Nbd7 8.
Nge2 h6 9. Bf4 g5 10. Bg3 Nh5 11. h4 Nxg3 12. Nxg3 gxh4 13. Nf5 Bxf5 14. Bxf5
Nb6 15. Qe2 Qg5 16. e4 Bb4 17. O-O Kf8 18. Bh3 Qf4 19. Kh1 dxe4 20. Qxe4 Qxe4
21. Nxe4 Kg7 22. a3 Be7 23. Rfe1 Rhe8 24. Bg4 Rad8 25. Nc5 Bxc5 26. dxc5 Nc4 27.
b4 Ne5 28. Re4 Nd3 29. Rxe8 Rxe8 30. Kg1 Ne5 31. Be2 Rd8 32. Re1 Kf6 33. Bf1 Rd4
34. Be2 Rd2 35. Bf1 Rd4 36. Be2 Rd2 37. Bf1 Ra2 38. Re4 h3 39. gxh3 Rxa3 40. Kg2
Rb3 41. Rf4+ Kg5 42. Rd4 Ng6 43. b5 Nh4+ 44. Kh1 Rb1 45. Rg4+ Kh5 46. Rg1 Nf3
47. Be2 Rxg1# 0-1

[Event "37th ECC Open 2022"]
[Site "Mayrhofen AUT"]
[Date "2022.10.06"]
[Round "4.8"]
[Board "1"]
[White "Tabatabaei, M. Amin"]
[Black "Naumann, Alexander"]
[Result "1-0"]
[WhiteTitle "GM"]
[BlackTitle "GM"]
[WhiteElo "2657"]
[BlackElo "2513"]
[WhiteTeam "FC Bayern München"]
[BlackTeam "Schachgesellschaft Solingen"]
[WhiteFideId "12521213"]
[BlackFideId "4623169"]
[EventDate "2022.10.03"]

1. Nf3 Nf6 2. c4 g6 3. Nc3 Bg7 4. e4 e5 5. Nxe5 O-O 6. Nf3 Re8 7. Bd3 Nxe4 8.
O-O Nf6 9. Bc2 d5 10. cxd5 Nxd5 11. d4 c6 12. Bg5 Qd6 13. Bh4 Nxc3 14. bxc3 Be6
15. Bg3 Qa3 16. Bb3 Nd7 17. Bxe6 Rxe6 18. d5 cxd5 19. Qxd5 Nb6 20. Qxb7 Re7 21.
Qc6 Rc8 22. Qb5 Qxc3 23. Rae1 Rxe1 24. Rxe1 Qc6 25. Qxc6 Rxc6 26. Re8+ Bf8 27.
Bf4 Rc8 28. Rxc8 Nxc8 29. Kf1 Nb6 30. Ke2 Nd5 31. Be5 Bc5 32. Nd2 f6 33. Ne4
fxe5 34. Nxc5 Nc3+ 35. Kd2 Nd5 36. Nd3 e4 37. Nc5 Kf7 38. Nxe4 h6 39. Nc3 Nf6
40. Kd3 Ke6 41. f3 Ke5 42. a4 g5 43. g3 h5 44. a5 Nd7 45. Kc4 a6 46. Nd5 Kd6 47.
f4 gxf4 48. Nxf4 Ne5+ 49. Kb4 Ng4 50. h3 Nf6 51. Kc4 Kc6 52. h4 Kd6 53. Kd4 Kc6
54. Ke5 Ng4+ 55. Ke6 Kb5 56. Nxh5 Kxa5 57. Nf6 1-0

[Event "37th ECC Open 2022"]
[Site "Mayrhofen AUT"]
[Date "2022.10.06"]
[Round "4.8"]
[Board "2"]
[White "Roseneck, Jonas"]
[Black "Huschenbeth, Niclas"]
[Result "0-1"]
[WhiteTitle "FM"]
[BlackTitle "GM"]
[WhiteElo "2414"]
[BlackElo "2593"]
[WhiteTeam "Schachgesellschaft Solingen"]
[BlackTeam "FC Bayern München"]
[WhiteFideId "12939870"]
[BlackFideId "24604747"]
[EventDate "2022.10.03"]

1. d4 d5 2. c4 dxc4 3. Nf3 Nf6 4. e3 e6 5. Bxc4 c5 6. O-O Nc6 7. dxc5 Qxd1 8.
Rxd1 Bxc5 9. b3 a6 10. Bb2 b5 11. Be2 Bb7 12. Nbd2 Be7 13. a4 bxa4 14. bxa4 O-O
15. Rab1 Nb4 16. Bxf6 gxf6 17. Nd4 Rfc8 18. Bf3 Bxf3 19. N2xf3 Rc7 20. Rdc1 Rac8
21. Rxc7 Rxc7 22. g4 h5 23. h3 hxg4 24. hxg4 Kg7 25. Kf1 Nd5 26. Nd2 Bb4 27. Ne4
a5 28. Kg2 Nb6 29. Ra1 Rc4 30. Kf3 Be7 31. Nb3 Nd7 32. Ned2 Rc2 33. Rc1 Rb2 34.
Ke2 Bb4 35. Rb1 Ra2 36. Ra1 Rxa1 37. Nxa1 Nb6 38. Ndb3 Nxa4 39. Nc2 Nb2 40. Nxb4
axb4 41. Na5 Na4 42. Kd3 Nc3 43. f3 Kg6 44. e4 Kg5 45. Nc6 Kf4 46. Nxb4 Nb5 47.
Kc4 Na7 48. Kc5 Kxf3 49. Kb6 Kxe4 50. Kxa7 f5 51. gxf5 exf5 52. Na2 f4 53. Nc3+
Kd3 54. Nd1 Ke2 55. Nc3+ Ke1 56. Kb6 f3 57. Ne4 f2 58. Ng3 f5 0-1

[Event "37th ECC Open 2022"]
[Site "Mayrhofen AUT"]
[Date "2022.10.06"]
[Round "4.8"]
[Board "3"]
[White "Bogner, Sebastian"]
[Black "Halvax, Georg"]
[Result "1-0"]
[WhiteTitle "GM"]
[BlackTitle "IM"]
[WhiteElo "2548"]
[BlackElo "2432"]
[WhiteTeam "FC Bayern München"]
[BlackTeam "Schachgesellschaft Solingen"]
[WhiteFideId "4692055"]
[BlackFideId "1619543"]
[EventDate "2022.10.03"]

1. d4 d5 2. c4 e6 3. Nf3 Nf6 4. g3 Be7 5. Bg2 O-O 6. Nc3 a6 7. O-O Nc6 8. Ne5
Na5 9. cxd5 exd5 10. b3 b5 11. Bb2 Bb7 12. Rc1 Qd6 13. Nd3 Nc6 14. Nc5 Bc8 15.
e4 Bg4 16. f3 Bh5 17. e5 Nxe5 18. dxe5 Qxe5 19. Nd3 Qd6 20. Nf4 Rad8 21. Nxh5
Nxh5 22. f4 Nf6 23. Kh1 d4 24. Ne4 Nxe4 25. Bxe4 c5 26. Bd3 Qb6 27. Re1 Rfe8 28.
Qc2 g6 29. Re4 Bf8 30. Rce1 Rxe4 31. Rxe4 Rc8 32. Bxd4 Qb7 33. Bf6 Qc6 34. Bb2
Bg7 35. Bxg7 f5 36. Bb2 fxe4 37. Bxe4 Qd7 38. Bf3 Rd8 39. Qe4 Qf5 40. Qe2 Kf7
41. Kg2 Qd3 42. Kf2 Qd2 43. Kf1 Qd6 44. Qe3 c4 45. bxc4 bxc4 46. Qc3 Qd3+ 47.
Be2 Qxc3 48. Bxc3 Rc8 49. Ke1 Rc7 50. Be5 Rc5 51. Bd4 Rc7 52. Kd2 Ke6 53. Kc3
Kd5 54. Bf3+ Ke6 55. Be4 Rc8 56. Bb7 Rc7 57. Bxa6 Kd5 58. a4 1-0

[Event "37th ECC Open 2022"]
[Site "Mayrhofen AUT"]
[Date "2022.10.06"]
[Round "4.8"]
[Board "4"]
[White "Michalczak, Thomas"]
[Black "Johansson, Linus"]
[Result "0-1"]
[WhiteTitle "FM"]
[BlackTitle "IM"]
[WhiteElo "2254"]
[BlackElo "2461"]
[WhiteTeam "Schachgesellschaft Solingen"]
[BlackTeam "FC Bayern München"]
[WhiteFideId "4622634"]
[BlackFideId "1711113"]
[EventDate "2022.10.03"]

1. e4 e6 2. d4 d5 3. Nc3 Nf6 4. e5 Nfd7 5. f4 c5 6. Nf3 Nc6 7. Be3 Be7 8. a3 O-O
9. dxc5 Nxc5 10. Be2 a6 11. O-O b5 12. Kh1 Qc7 13. f5 Nxe5 14. Nxe5 Qxe5 15. Bd4
Qc7 16. f6 gxf6 17. Qd2 f5 18. Qh6 f6 19. Rf3 Bd6 20. g4 f4 21. g5 Qg7 22. Qh4
e5 23. gxf6 Qxf6 24. Rg1+ Kh8 25. Qxf6+ Rxf6 26. Nxd5 Rf7 27. Bxc5 Bxc5 28. Rg5
Rf5 29. Rxf5 Bxf5 30. Bd3 e4 31. Rxf4 exd3 32. Rxf5 dxc2 33. Rf1 Rd8 34. Nc3 Be3
35. Ne2 Rd1 0-1

[Event "37th ECC Open 2022"]
[Site "Mayrhofen AUT"]
[Date "2022.10.06"]
[Round "4.8"]
[Board "5"]
[White "Fedorovsky, Michael"]
[Black "Berg, Michael"]
[Result "1-0"]
[WhiteTitle "IM"]
[BlackTitle "FM"]
[WhiteElo "2410"]
[BlackElo "2313"]
[WhiteTeam "FC Bayern München"]
[BlackTeam "Schachgesellschaft Solingen"]
[WhiteFideId "14105454"]
[BlackFideId "4605330"]
[EventDate "2022.10.03"]

1. d4 d5 2. c4 c6 3. Nf3 Nf6 4. e3 Bf5 5. Nc3 e6 6. Nh4 Be4 7. f3 Bg6 8. Bd2 Be7
9. g3 c5 10. dxc5 Bxc5 11. cxd5 exd5 12. Qb3 O-O 13. Nxg6 hxg6 14. Na4 Bd6 15.
Kf2 Nc6 16. Rc1 Qe7 17. Be2 Rfe8 18. Rhe1 g5 19. Kg2 Rad8 20. Nc3 a6 21. Qa4 g4
22. fxg4 Qe6 23. g5 Ne4 24. Nxe4 dxe4 25. Bc3 Qf5 26. h4 Ne5 27. Rf1 Qg6 28.
Bxe5 Bxe5 29. Rcd1 b5 30. Qb3 Rxd1 31. Rxd1 Qe6 32. Qxe6 Rxe6 33. Rd2 Rd6 34.
Rxd6 Bxd6 35. Bg4 Be5 36. b3 f6 37. gxf6 Bxf6 38. Bf5 Kf7 39. Bxe4 Ke6 40. Kf3
Ke5 41. b4 Be7 42. Bb7 Kd6 43. Bxa6 Kc6 44. Ke4 Bxb4 45. h5 Kb6 46. Bxb5 Kxb5
47. Kd5 Kb6 48. Ke6 Kc6 49. g4 Bc3 50. a4 Kc5 51. e4 Kd4 52. Kf5 Kc5 53. g5 Kd6
54. h6 gxh6 55. gxh6 Ke7 56. e5 Kf7 57. e6+ Kf8 58. h7 1-0

[Event "37th ECC Open 2022"]
[Site "Mayrhofen AUT"]
[Date "2022.10.06"]
[Round "4.8"]
[Board "6"]
[White "Wickenfeld, Stefan"]
[Black "Rafiee, Makan"]
[Result "1-0"]
[BlackTitle "FM"]
[WhiteElo "2173"]
[BlackElo "2316"]
[WhiteTeam "Schachgesellschaft Solingen"]
[BlackTeam "FC Bayern München"]
[WhiteFideId "4622790"]
[BlackFideId "24609340"]
[EventDate "2022.10.03"]

1. e4 e5 2. Nf3 Nc6 3. Bc4 Nf6 4. d3 Bc5 5. c3 d6 6. h3 h6 7. Nbd2 a6 8. Bb3 O-O
9. O-O Ba7 10. Re1 Ne7 11. Nf1 Ng6 12. Ng3 Be6 13. Bxe6 fxe6 14. Qb3 Qd7 15. d4
Kh7 16. Be3 exd4 17. cxd4 c6 18. Rad1 Kh8 19. Ne5 dxe5 20. dxe5 Nd5 21. Bxa7
Rxa7 22. exd5 cxd5 23. Rc1 Raa8 24. Qc2 Qf7 25. Qd2 Rac8 26. Rxc8 Rxc8 27. Re3
Qf4 28. Ne2 Qg5 29. Kh2 Nh4 30. Ng3 Qf4 31. Re2 Qc4 32. b3 Qc1 33. Qd4 Ng6 34.
Qg4 Nf4 35. Re3 Rf8 36. Rf3 d4 37. Ne2 Qc7 38. Nxf4 Qxe5 39. g3 Kh7 40. Ng6 1-0

[Event "37th ECC Open 2022"]
[Site "Mayrhofen AUT"]
[Date "2022.10.06"]
[Round "4.9"]
[Board "1"]
[White "Boruchovsky, Avital"]
[Black "Shengelia, David"]
[Result "1-0"]
[WhiteTitle "GM"]
[BlackTitle "GM"]
[WhiteElo "2548"]
[BlackElo "2460"]
[WhiteTeam "Kfar Saba Chess Club"]
[BlackTeam "Schachklub Absam "]
[WhiteFideId "2800055"]
[BlackFideId "13601270"]
[EventDate "2022.10.03"]

1. e4 c5 2. Nf3 Nc6 3. Bb5 e6 4. O-O Nge7 5. Re1 Ng6 6. c3 d5 7. h4 dxe4 8. Rxe4
Bd6 9. d4 O-O 10. Bxc6 bxc6 11. h5 Ne7 12. h6 g6 13. Na3 Nf5 14. Nc4 Bc7 15. Bf4
cxd4 16. Nxd4 c5 17. Nxf5 Qxd1+ 18. Rxd1 exf5 19. Bxc7 fxe4 20. Nd6 f5 21. Rd5
Be6 22. Rxc5 Bxa2 23. Re5 Rf6 24. c4 Raf8 25. b4 g5 26. b5 Rxh6 27. Nxf5 Rhf6
28. Nd6 h6 29. Nxe4 Rf5 30. c5 Bb1 31. Nc3 Rxf2 32. Bd6 Rf1+ 33. Kh2 R8f4 34.
Re8+ Kf7 35. Rf8+ Kg7 36. Rxf4 gxf4 37. b6 axb6 38. cxb6 f3 39. b7 f2 40. b8=Q
Rh1+ 41. Kxh1 f1=Q+ 42. Kh2 Bf5 43. Qf8+ Kg6 44. Nd5 1-0

[Event "37th ECC Open 2022"]
[Site "Mayrhofen AUT"]
[Date "2022.10.06"]
[Round "4.9"]
[Board "2"]
[White "Doric, Darko"]
[Black "Erenberg, Ariel"]
[Result "0-1"]
[WhiteTitle "IM"]
[BlackTitle "IM"]
[WhiteElo "2457"]
[BlackElo "2516"]
[WhiteTeam "Schachklub Absam "]
[BlackTeam "Kfar Saba Chess Club"]
[WhiteFideId "14507200"]
[BlackFideId "2811634"]
[EventDate "2022.10.03"]

1. d4 Nf6 2. c4 e6 3. Nc3 Bb4 4. Qc2 b6 5. a3 Bxc3+ 6. Qxc3 Bb7 7. Bg5 h6 8.
Bxf6 Qxf6 9. e3 O-O 10. Ne2 d6 11. Rd1 Nd7 12. Qc2 Qe7 13. Nc3 f5 14. f3 c5 15.
Qd2 Rad8 16. Be2 Qh4+ 17. g3 Qh3 18. Kf2 cxd4 19. Qxd4 Ne5 20. Rdf1 g5 21. e4
fxe4 22. Nxe4 Qf5 23. Nxd6 Qf6 24. Rd1 Bxf3 25. Rhf1 Ng4+ 26. Ke1 Qxd4 27. Rxd4
Ne3 28. Rd3 Nxf1 29. Bxf3 Nxh2 30. Be2 g4 31. b4 Nf3+ 32. Kd1 Ne5 33. Rd4 h5 34.
c5 Nf7 35. Bb5 Nxd6 36. cxd6 Rf3 0-1

[Event "37th ECC Open 2022"]
[Site "Mayrhofen AUT"]
[Date "2022.10.06"]
[Round "4.9"]
[Board "3"]
[White "Gorshtein, Ido"]
[Black "Tica, Sven"]
[Result "1-0"]
[WhiteTitle "IM"]
[BlackTitle "IM"]
[WhiteElo "2471"]
[BlackElo "2422"]
[WhiteTeam "Kfar Saba Chess Club"]
[BlackTeam "Schachklub Absam "]
[WhiteFideId "2815532"]
[BlackFideId "14526948"]
[EventDate "2022.10.03"]

1. d4 d5 2. c4 e6 3. Nc3 Nf6 4. Bg5 Be7 5. e3 Nbd7 6. cxd5 exd5 7. Bd3 c6 8.
Nge2 O-O 9. Qc2 Re8 10. O-O Ne4 11. Bf4 Nxc3 12. bxc3 Nf8 13. c4 dxc4 14. Bxc4
Be6 15. Rab1 Qd7 16. Rfd1 Bxc4 17. Qxc4 b6 18. a4 Ne6 19. Bg3 Red8 20. Nf4 Nxf4
21. Bxf4 Qd5 22. Qxd5 Rxd5 23. e4 Rd7 24. Be3 Rad8 25. Rdc1 c5 26. dxc5 Bxc5 27.
Bxc5 bxc5 28. f3 Rc7 29. Rc4 Kf8 30. Rbc1 Rdc8 31. Kf2 Ke7 32. Ke3 Ke6 33. g4 g5
34. h4 h6 35. hxg5 hxg5 36. f4 gxf4+ 37. Kxf4 f6 38. R1c2 Rc6 39. Rh2 Rb8 40.
Rhc2 Rbc8 41. a5 R6c7 42. Rc1 Rc6 43. Rh1 R6c7 44. Rh5 a6 45. Rf5 Rc6 46. Rd5
R6c7 47. Rh5 Rc6 48. Rh6 Rg8 49. Rh7 Rg6 50. Rh5 Rd6 51. Rcxc5 Rd1 52. Rc6+ Rd6
53. Rxd6+ Kxd6 54. Kf5 Rg8 55. Rh6 Rg5+ 56. Kxf6 Rxa5 57. Rh5 Ra1 58. Rd5+ Kc6
59. g5 Re1 60. Re5 1-0

[Event "37th ECC Open 2022"]
[Site "Mayrhofen AUT"]
[Date "2022.10.06"]
[Round "4.9"]
[Board "4"]
[White "Lehner, Oliver"]
[Black "Rozen, Eytan"]
[Result "1/2-1/2"]
[WhiteTitle "IM"]
[BlackTitle "IM"]
[WhiteElo "2398"]
[BlackElo "2462"]
[WhiteTeam "Schachklub Absam "]
[BlackTeam "Kfar Saba Chess Club"]
[WhiteFideId "1602560"]
[BlackFideId "2816750"]
[EventDate "2022.10.03"]

1. e4 c5 2. Nf3 Nc6 3. Bb5 g6 4. Bxc6 dxc6 5. d3 Bg7 6. h3 Nf6 7. Nc3 Nd7 8. O-O
e5 9. Nh2 Nf8 10. f4 exf4 11. Bxf4 Ne6 12. Bg3 Nd4 13. Nf3 O-O 14. Qd2 f5 15.
exf5 Bxf5 16. Nxd4 Qxd4+ 17. Bf2 Qb4 18. Rab1 c4 19. a3 Qd6 20. g4 Be6 21. Ne4
Qd5 22. Qe2 cxd3 23. cxd3 b6 24. b4 Rad8 25. Bh4 Qd4+ 26. Kg2 Rde8 27. Rxf8+
Rxf8 28. Bf2 Qd5 29. a4 Rd8 30. Re1 Bf7 31. Bh4 Rd7 32. a5 bxa5 33. bxa5 Qxa5
34. Nf6+ Bxf6 35. Bxf6 Rxd3 36. Qxd3 Qxe1 37. Bc3 Qe7 38. Qd4 Bd5+ 39. Kg3 Kf7
40. Qf4+ Ke8 41. Qb8+ Qd8 42. Qxa7 Qd6+ 43. Kh4 Qd8+ 44. Kg3 Qd6+ 45. Kh4 Be4
46. Kg5 Bg2 47. Qe3+ Qe7+ 48. Qxe7+ Kxe7 49. h4 Ke6 50. Kf4 Kd5 51. Ke3 c5 52.
g5 Be4 53. Bg7 1/2-1/2

[Event "37th ECC Open 2022"]
[Site "Mayrhofen AUT"]
[Date "2022.10.06"]
[Round "4.9"]
[Board "5"]
[White "Mindlin, Alon"]
[Black "de Francesco, Klaus"]
[Result "1/2-1/2"]
[WhiteTitle "IM"]
[BlackTitle "FM"]
[WhiteElo "2426"]
[BlackElo "2197"]
[WhiteTeam "Kfar Saba Chess Club"]
[BlackTeam "Schachklub Absam "]
[WhiteFideId "2800071"]
[BlackFideId "4613945"]
[EventDate "2022.10.03"]

1. d4 d5 2. c4 e6 3. Nf3 Nf6 4. Nc3 Be7 5. Bg5 Nbd7 6. e3 O-O 7. Bd3 a6 8. c5 c6
9. O-O b6 10. cxb6 c5 11. Rc1 cxd4 12. exd4 Qxb6 13. Na4 Qb8 14. Rc3 Bd6 15. Qc2
Bb7 16. Nc5 h6 17. Bxf6 Nxf6 18. Rb3 Bxc5 19. Qxc5 Rc8 20. Qb6 Rc7 21. Ne5 Qc8
22. Rc3 Rxc3 23. bxc3 a5 24. Rb1 Ba6 25. Nc6 Kh8 26. Na7 Qd7 27. Qxa6 Qxa7 28.
Qd6 Rc8 29. h3 Ne4 30. Bxe4 dxe4 31. Qg3 Qa6 32. Rb8 Rxb8 33. Qxb8+ Kh7 34. Qb1
f5 35. Qf1 Qxf1+ 36. Kxf1 g5 37. g4 f4 38. Ke2 1/2-1/2

[Event "37th ECC Open 2022"]
[Site "Mayrhofen AUT"]
[Date "2022.10.06"]
[Round "4.9"]
[Board "6"]
[White "Gerhold, Michael"]
[Black "Givon, Asaf"]
[Result "0-1"]
[BlackTitle "IM"]
[WhiteElo "2182"]
[BlackElo "2434"]
[WhiteTeam "Schachklub Absam "]
[BlackTeam "Kfar Saba Chess Club"]
[WhiteFideId "1600940"]
[BlackFideId "2801841"]
[EventDate "2022.10.03"]

1. Nf3 Nf6 2. c4 c5 3. Nc3 e6 4. g3 d5 5. cxd5 exd5 6. d4 Nc6 7. Bg2 cxd4 8.
Nxd4 Bc5 9. Nb3 Bb6 10. O-O d4 11. Na4 O-O 12. Bg5 Re8 13. Rc1 h6 14. Bxf6 Qxf6
15. Nac5 h5 16. Re1 h4 17. Qd2 Re5 18. e3 h3 19. Bh1 Bg4 20. exd4 Rxe1+ 21. Rxe1
Nxd4 22. Qxd4 Qxd4 23. Nxd4 Bxc5 24. Nb3 Bb6 25. Bxb7 Rd8 26. Kf1 a5 27. Bc6 Rd6
28. Rc1 Rf6 29. Rc2 Bd1 30. Rc3 Rxf2+ 31. Ke1 Bg4 32. Nc5 Re2+ 33. Kf1 Rxh2 34.
Bd7 Rh1+ 0-1

[Event "37th ECC Open 2022"]
[Site "Mayrhofen AUT"]
[Date "2022.10.06"]
[Round "4.10"]
[Board "1"]
[White "Hauge, Lars Oskar"]
[Black "Heimann, Andreas"]
[Result "1/2-1/2"]
[WhiteTitle "GM"]
[BlackTitle "GM"]
[WhiteElo "2531"]
[BlackElo "2573"]
[WhiteTeam "Stockholms SS"]
[BlackTeam "Schachgesellschaft Riehen"]
[WhiteFideId "1509276"]
[BlackFideId "24624632"]
[EventDate "2022.10.03"]

1. e4 e5 2. Nc3 Nf6 3. Bc4 Nxe4 4. Qh5 Nd6 5. Bb3 Be7 6. Qxe5 O-O 7. d4 Nc6 8.
Qf4 b5 9. Be3 Bb7 10. Nf3 Na5 11. O-O b4 12. Ne2 Ne4 13. Ng3 Bd6 14. Qf5 Nxb3
15. axb3 Nxg3 16. hxg3 Qe7 17. Rfe1 Qe4 18. Qxe4 Bxe4 19. c4 bxc3 20. bxc3 Bxf3
21. gxf3 a5 22. Kf1 f5 23. Bd2 Rfb8 24. Reb1 Kf7 25. Ke2 Ke6 26. Kd3 c5 27. Be3
cxd4 28. Bxd4 g6 29. Rh1 h5 30. g4 fxg4 31. fxg4 hxg4 32. Rh7 Be5 33. Bxe5 Kxe5
34. Rxd7 Rxb3 35. Re1+ Kf6 36. Rd6+ Kf5 37. Kd4 Kg5 38. Rd5+ Kf6 39. Rd6+ Kg5
40. Ree6 1/2-1/2

[Event "37th ECC Open 2022"]
[Site "Mayrhofen AUT"]
[Date "2022.10.06"]
[Round "4.10"]
[Board "2"]
[White "Brunner, Nicolas"]
[Black "Ertan, Can"]
[Result "1/2-1/2"]
[WhiteTitle "IM"]
[BlackTitle "IM"]
[WhiteElo "2448"]
[BlackElo "2372"]
[WhiteTeam "Schachgesellschaft Riehen"]
[BlackTeam "Stockholms SS"]
[WhiteFideId "620246"]
[BlackFideId "6306330"]
[EventDate "2022.10.03"]

1. d4 Nf6 2. c4 e6 3. Nf3 b6 4. g3 Ba6 5. b3 Bb4+ 6. Bd2 Be7 7. Nc3 d5 8. cxd5
Nxd5 9. Bg2 Nd7 10. O-O N7f6 11. Nxd5 exd5 12. Ne5 O-O 13. Bg5 Qd6 14. Re1 Bb7
15. Rc1 c5 16. e3 h6 17. Bxf6 Bxf6 18. f4 Rac8 19. Qd2 Rc7 20. Bf3 Rfc8 21. Bg4
Rd8 22. Bf3 Bc8 23. Rc3 Be6 24. Rec1 Rdc8 25. Qb2 Be7 26. Qc2 f6 27. Ng6 Bd8 28.
Qd3 Qd7 29. dxc5 bxc5 30. f5 Bf7 31. Nf4 c4 32. bxc4 dxc4 33. Qxd7 Rxd7 34. Ne6
Bb6 35. Rxc4 Bxe3+ 36. Kh1 Re8 37. Rc7 Rxc7 38. Rxc7 g6 39. g4 h5 40. h3 Bb6 41.
Rb7 Rc8 42. Bd5 Rc1+ 43. Kg2 Rc2+ 44. Kf3 Rc3+ 45. Ke2 gxf5 46. gxf5 Re3+ 47.
Kd2 Re5 48. Bb3 Rxf5 49. Rb8+ Kh7 50. Rb7 Kg8 51. Rb8+ Kh7 52. Rb7 Kg8 1/2-1/2

[Event "37th ECC Open 2022"]
[Site "Mayrhofen AUT"]
[Date "2022.10.06"]
[Round "4.10"]
[Board "3"]
[White "Thorn, Eric"]
[Black "Breder, Dennis"]
[Result "1/2-1/2"]
[WhiteTitle "FM"]
[BlackTitle "IM"]
[WhiteElo "2351"]
[BlackElo "2450"]
[WhiteTeam "Stockholms SS"]
[BlackTeam "Schachgesellschaft Riehen"]
[WhiteFideId "1710729"]
[BlackFideId "4636945"]
[EventDate "2022.10.03"]

1. d4 e6 2. Nf3 c5 3. e3 Nf6 4. c4 d5 5. cxd5 exd5 6. Bb5+ Bd7 7. Bxd7+ Nbxd7 8.
O-O Bd6 9. dxc5 Nxc5 10. Bd2 O-O 11. Bc3 Rc8 12. Bxf6 Qxf6 13. Nc3 Rfd8 14. Qd4
Qxd4 15. exd4 Nd3 16. Nxd5 Bxh2+ 17. Kxh2 Rxd5 18. b3 g5 19. Rad1 Nb4 20. Rd2
Nc6 21. g4 Rcd8 22. Rfd1 Kg7 23. Kg3 h6 24. Rd3 Kg6 25. R3d2 f6 26. Re2 h5 27.
gxh5+ Kxh5 28. Re4 Kg6 29. Kg2 Kf5 30. Re3 g4 31. Nh4+ Kg5 32. Kg3 Nxd4 33. f4+
gxf3 34. Rxd4 Rxd4 35. Nxf3+ Kf5 36. Nxd4+ Rxd4 37. Re7 Rb4 38. Kf3 a5 39. Ke3
Rb5 40. Kf3 b6 41. Re8 Rc5 42. Rb8 Rc6 43. Ke3 Rd6 44. Rh8 Ke5 45. Re8+ Re6 46.
Rd8 f5 47. Rf8 Rh6 48. Re8+ Kd6 49. Rf8 Re6+ 50. Kd3 Ke5 51. Ke3 Rc6 52. Re8+
Kd5 53. Rf8 Rc3+ 54. Kd2 Rf3 55. Ke2 Rf4 56. Rf6 Kc5 57. Ke3 Rf1 58. Ke2 Rf4 59.
Ke3 Re4+ 60. Kd3 Re5 61. a3 Kb5 62. Kd4 Re4+ 63. Kd3 Re5 64. Kd4 Rc5 65. Kd3
Rd5+ 66. Kc3 Kc5 67. a4 Re5 68. Kd3 b5 69. axb5 Kxb5 70. Kc3 Re3+ 71. Kb2 Rf3
72. Rf8 f4 73. Ka3 Rf1 74. Rf5+ Kb6 75. Kb2 f3 76. Kc2 Kc6 77. Kd2 f2 78. Ke2
Rb1 79. Kxf2 Kb6 80. Rf3 Kb5 81. Ke2 Kb4 82. Kd2 Rxb3 83. Rxb3+ Kxb3 84. Kc1 a4 1/2-1/2

[Event "37th ECC Open 2022"]
[Site "Mayrhofen AUT"]
[Date "2022.10.06"]
[Round "4.10"]
[Board "4"]
[White "Georgiadis, Ioannis"]
[Black "Cederstam, Carl"]
[Result "1/2-1/2"]
[WhiteTitle "IM"]
[BlackTitle "FM"]
[WhiteElo "2467"]
[BlackElo "2337"]
[WhiteTeam "Schachgesellschaft Riehen"]
[BlackTeam "Stockholms SS"]
[WhiteFideId "4208900"]
[BlackFideId "1713329"]
[EventDate "2022.10.03"]

1. e4 c6 2. d4 d5 3. exd5 cxd5 4. Bd3 Nc6 5. c3 Qc7 6. Na3 e5 7. Nb5 Qe7 8. dxe5
Nxe5 9. Ne2 a6 10. Nbd4 Nf6 11. O-O g6 12. Re1 Nxd3 13. Qxd3 Bg7 14. Qe3 Qxe3
15. Bxe3 O-O 16. Rad1 Bd7 17. Nf4 Rfe8 18. Nb3 Bc6 19. Bd4 a5 20. f3 a4 21. Nc5
Bh6 22. Ncd3 Nd7 23. Kf2 f6 24. Be3 Kf7 25. g3 Ne5 26. Nxe5+ Rxe5 27. Ng2 Bf8
28. Bd4 Rxe1 29. Rxe1 Bd6 30. Nf4 Bxf4 31. gxf4 1/2-1/2